000 00811nam a2200241 i 4500
001 18666
003 ES-MaACL
005 20250809070329.0
007 t|
008 020226s1999 fr ||||1| fre d
020 _a2-253-00968-7
080 _a821.133.1-31"18"
100 1 _aHugo, Victor,
_d1802-1885
_964627
245 1 0 _aNotre-Dame de Paris /
_cVictor Hugo ; introduction, notes et chronologie par Jacques Seebacher ; "Notre-Dame áa la scène et a l'écran"par Arnaud Laster.
260 _a[Paris] :
_bLe Livre de Poche,
_c[1999]
300 _a733 p. ;
_c18 cm.
490 1 _aLe Livre de poche ;
_v1698
700 1 _aSeebacher, Jacques.
_9105082
700 1 _aLaster, Arnaud.
_970490
830 0 3 _aLe livre de poche
_v1698
_9179656
852 _aES-MaACL
_jL-25456
_bR.131398
999 _c18666
_d18666